Music To Be Murdered By - Eminem - Statistics

General Stats
  • This quiz has been taken 21 times
  • The average score is 15 of 36
Answer Stats
Songs Plays Artists % Correct
Godzilla 1,804,161,680 Eminem, Juice WRLD
100%
Darkness 145,590,906 Eminem
71%
Gnat 143,841,044 Eminem
71%
Premonition - Intro 85,346,386 Eminem
71%
Those Kinda Nights 180,858,186 Eminem, Ed Sheeran
71%
Yah Yah 81,022,292 Eminem, Royce Da 5'9", Black Thought, Q-Tip, Denaun
71%
You Gon' Learn 166,731,028 Eminem, Royce Da 5'9", White Gold
71%
Book of Rhymes 39,932,053 Eminem, DJ Premier
57%
In Too Deep 94,974,362 Eminem
57%
I Will 67,159,013 Eminem, KXNG Crooked, Royce Da 5'9", Joell Ortiz
57%
Lock It Up 118,416,676 Eminem, Anderson .Paak
57%
Marsh 85,112,242 Eminem
57%
No Regrets 102,140,248 Eminem, Don Toliver
57%
Alfred's Theme 43,745,545 Eminem
43%
Farewell 85,199,928 Eminem
43%
Favorite Bitch 27,638,671 Eminem, Ty Dolla $ign
43%
Higher 166,104,695 Eminem
43%
Key - Skit 11,979,690 Eminem
43%
Leaving Heaven 117,274,108 Eminem, Skylar Grey
43%
Stepdad 78,136,897 Eminem
43%
Zeus 79,803,375 Eminem, White Gold
43%
Alfred - Interlude 49,203,908 Eminem
29%
Discombobulated 36,238,227 Eminem
29%
Little Engine 71,089,055 Eminem
29%
Never Love Again 123,138,111 Eminem
29%
She Loves Me 22,723,277 Eminem
29%
Stepdad - Intro 21,551 Eminem
29%
These Demons 30,541,498 Eminem, MAJ
29%
Tone Deaf 57,774,183 Eminem
29%
Unaccommidating 142,088,364 Eminem, Young M.A
29%
Alfred - Outro 30,743,750 Eminem
14%
Gun Blazing 59,095,833 Eminem, Dr. Dre, Sly Piper
14%
Killer 46,639,188 Eminem
14%
Thus Far - Interlude 8,345 Eminem
14%
Alfred - Intro 25,506 Eminem
0%
Back Magic 53,914,129 Eminem, Skylar Grey
0%
No matching quizzes found
Score Distribution
Percent of People with Each Score
Percentile by Number Answered
Your Score History
You have not taken this quiz